| 000 | 00487nam a22001577a 4500 | ||
|---|---|---|---|
| 003 | OSt | ||
| 005 | 20151001094602.0 | ||
| 008 | 151001b xxu||||| |||| 00| 0 eng d | ||
| 040 | _cRUA | ||
| 082 | _aAVM សំ 1992 B065 Or.1 | ||
| 100 |
_91649 _aសំ និស្ស័យ |
||
| 245 | _aជម្ងឺបូសខ្យល់គោ ក្របី នៅប្រទេសកម្ពូជា | ||
| 260 |
_aPhnom Penh _bRUA _c1992 |
||
| 300 |
_a102p. _bill. _c29cm. |
||
| 942 |
_2ddc _cAVM |
||
| 999 |
_c1557 _d1557 |
||